000 02071cam a22004574i 4500
003 PE-LiUPU
005 20250731184532.0
008 150623s r 000 0 d
035 _a(Sirsi) a23041
040 _aPE-LiUPU
_bspa
_cPE-LiUPU
_erda
082 0 4 _a985.21
_bC23
_221
100 1 _aCangas, Gregorio de,
_dfl.1780,
_eautor.
245 1 0 _aDescripción en diálogo de la ciudad de Lima entre un peruano práctico y un bisoño chapetón, 1770 /
_cGregorio de Cangas ; edición, presentación e introducción Camilo G. Vicente y José L. Lenci.
264 1 _aLima :
_bBanco Central de Reserva del Perú, Fondo Editorial,
_c1997.
300 _a108 páginas :
_bilustraciones, gráficos ;
_c21 cm.
336 _atext
_2rdacontent
337 _aunmediated
_2rdamedia
338 _avolume
_2rdacarrier
505 0 _aFundación de la ciudad de los Reyes. -Aspecto político. -Aspectos sociales. -Aspectos económicos. -Costumbre de indios. -Costumbre de limeños. Las mujeres. -La perricholi y el virrey Amat. -Descripción en diálogo de la ciudad de Lima entre un peruano práctico y un bisoño chapetón 1770.
526 _aP136
526 _aP135
526 _aP134
526 _aP133
526 _aP144
526 _aP143
526 _aP87
526 _aP35
526 _aP20
526 _aP14
526 _aP10
526 _aP06
650 0 4 _aLima, Lima (Perú : Distrito Capital)
_xCondiciones sociales
_xHistoria
_yVirreinato, 1700-1808.
650 0 4 _aLima, Lima (Perú : Distrito Capital)
_xDescripciones y viajes
_ySiglo XVIII.
700 1 _aVicente Villar, Camilo Gustavo.
710 2 _aBanco Central de Reserva del Perú
942 _2ddc
_cBOOK
949 _a985.21 C23
_wDEWEY
_c1
_i47095
_lCCODEBUL1
_mBUL
_p00.00
_r0
_sY
_tBOOK
_u2015-06-24
_xBIBLIOTECA
_zUNKNOWN
_0COMPRA
_o.STAFF. Colección General
596 _a1
999 _a985.21 C23
_wDEWEY
_c23675
_i47095
_f2021-11-8
_g4
_lCCODEBUL1
_mBUL
_r0
_sY
_tBOOK
_u2015-6-24
_xBIBLIOTECA
_zUNKNOWN
_0COMPRA
_o.STAFF. Colección General
_d23675
980 _81
_gALBERTO SANCHEZ Responsable de Automatización